000 01415 a2200361 4500
240 _aAnalysis of the dietary vitamin A intake of children aged 1 to 5 years at Dogbo
502 _aThèse pour l'obtention du Diplôme d'Ingénieur Agronome
260 _aAbomey-Calavi
653 1 _aNutrition et Sciences Alimentaires
100 _aNAGO, Houéfa Eunice Sorel
041 _bFr.
260 _bFSA/UAC
300 _axiii-65 p. + annexes
245 _aAnalyse de l'apport alimentaire en vitamine A chez les enfants de 1 à 5 ans dans la commune de Dogbo
650 _aRetinol
650 _aEnfant
650 _aBesoin nutritionnel
650 _aEtat nutritionnel
650 _aComplément alimentaire
650 _aConsommation alimentaire
260 _c18 décembre 2003
300 _b29 cm
130 _lFr.
710 _aAbomey-Calavi, Université d'Abomey-Calavi, Faculté des Sciences Agronomiques, Bj
040 _aSupport
651 _aDogbo
041 _bFr.%En.
653 1 _aNutrition et Sciences Alimentaires
651 _aBénin
520 _aLa carence en vitamine A constitue un véritable problème de santé publique au Bénin chez les enfants en âge préscolaire. Le moyen de lutte dans notre pays est la supplémentation ou administration de vitamine A sous forme médicamenteuse aux personnes affectées ou à risques...
690 _aVitamine A
999 _c30897
_d30897